[Event "Capablanca Memorial op-B 45th"]
[Site "Havana"]
[Date "2011.05.15"]
[Round "5"]
[White "Li Torres, Manuel Eugenio"]
[Black "Quesada Chow, Ismael Adan"]
[Result "1/2-1/2"]
[WhiteElo "2251"]
[BlackElo "2131"]
[PlyCount "23"]
[EventDate "2011.05.11"]
[EventType "swiss"]
[EventRounds "7"]
[EventCountry "CUB"]
[SourceTitle "CBM 142 Extra"]
[Source "ChessBase"]
[SourceDate "2011.06.27"]
[SourceVersion "1"]
[SourceVersionDate "2011.06.27"]
[SourceQuality "1"]

1. d4 Nf6 2. g3 g6 3. Bg2 Bg7 4. e4 d6 5. Nc3 0-0 6. Nge2 e5 7. h3 Nc6 8. Be3 exd4 9. Nxd4 Nxd4 10. Bxd4 Bd7 11. 0-0 Re8 12. Re1 1/2-1/2

[Event "Havana Provincial"]
[Site "Havana"]
[Date "1999.??.??"]
[Round "?"]
[White "Li Torres, Manuel Eugenio"]
[Black "Gonzalez Vidal, Yuri"]
[Result "0-1"]
[WhiteElo "2312"]
[BlackElo "2385"]
[PlyCount "26"]
[EventDate "1999.??.??"]
[EventType "tourn"]
[EventRounds "15"]
[EventCountry "CUB"]
[SourceTitle "EXT 2000"]
[Source "ChessBase"]
[SourceDate "1999.11.16"]
[SourceVersion "1"]
[SourceVersionDate "1999.11.16"]
[SourceQuality "1"]

1. d4 Nf6 2. g3 g6 3. Bg2 d5 4. c4 c6 5. Nf3 Bg7 6. Nc3 0-0 7. cxd5 cxd5 8. Ne5 e6 9. Bg5 Qb6 10. Qd2 Nfd7 11. Nxd7 Bxd7 12. Rd1 Nc6 13. Na4 Qxd4 0-1

[Event "Havana Provincial"]
[Site "Havana"]
[Date "1999.??.??"]
[Round "?"]
[White "Li Torres, Manuel Eugenio"]
[Black "Nunez, Antonio"]
[Result "0-1"]
[WhiteElo "2312"]
[BlackElo "2345"]
[PlyCount "48"]
[EventDate "1999.??.??"]
[EventType "tourn"]
[EventRounds "15"]
[EventCountry "CUB"]
[SourceTitle "EXT 2000"]
[Source "ChessBase"]
[SourceDate "1999.11.16"]
[SourceVersion "1"]
[SourceVersionDate "1999.11.16"]
[SourceQuality "1"]

1. Nf3 Nf6 2. g3 b5 3. d4 Bb7 4. Na3 b4 5. Nc4 e6 6. Bg2 Be7 7. 0-0 0-0 8. Bd2 Bd5 9. Ne3 Be4 10. a3 bxa3 11. b3 c5 12. dxc5 Bxc5 13. b4 Be7 14. Rxa3 Nc6 15. Ra4 Qb6 16. c3 d5 17. Nc2 a5 18. bxa5 Rxa5 19. Rxa5 Nxa5 20. Ne3 Bc5 21. h3 Nb3 22. Ng4 Nxg4 23. hxg4 Ra8 24. Ng5 Bg6 0-1

[Event "Havana Provincial"]
[Site "Havana"]
[Date "1999.??.??"]
[Round "?"]
[White "Li Torres, Manuel Eugenio"]
[Black "Ravelo Gil, Eddy"]
[Result "0-1"]
[WhiteElo "2312"]
[BlackElo "2330"]
[PlyCount "50"]
[EventDate "1999.??.??"]
[EventType "tourn"]
[EventRounds "15"]
[EventCountry "CUB"]
[SourceTitle "EXT 2000"]
[Source "ChessBase"]
[SourceDate "1999.11.16"]
[SourceVersion "1"]
[SourceVersionDate "1999.11.16"]
[SourceQuality "1"]

1. d4 Nf6 2. g3 c5 3. dxc5 Na6 4. c4 Nxc5 5. Bg2 g6 6. Nc3 Bg7 7. Nf3 d6 8. Nd4 0-0 9. 0-0 a6 10. Be3 Ng4 11. Bg5 h6 12. Bc1 Ne5 13. b3 e6 14. Rb1 Rb8 15. Bb2 Qc7 16. Rc1 b6 17. Nf3 Bb7 18. Qd2 Bxf3 19. exf3 Ned3 20. b4 Nxb4 21. Nd5 Nxd5 22. cxd5 Bxb2 23. Qxb2 e5 24. f4 Qe7 25. fxe5 Nd3 0-1

[Event "Capablanca Memorial-D"]
[Site "Cienfuegos"]
[Date "1996.??.??"]
[Round "13"]
[White "Frometa Castillo, Zirka"]
[Black "Li Torres, Manuel Eugenio"]
[Result "1/2-1/2"]
[WhiteElo "2190"]
[BlackElo "2380"]
[PlyCount "89"]
[EventDate "1996.05.??"]
[EventType "tourn"]
[EventRounds "15"]
[EventCountry "CUB"]
[SourceTitle "CBM 052 Extra"]
[Source "ChessBase"]
[SourceDate "1996.07.01"]
[SourceVersion "1"]
[SourceVersionDate "1996.07.01"]
[SourceQuality "1"]

1. d4 g6 2. Bf4 Bg7 3. e3 d6 4. Nf3 Nd7 5. Bc4 Nh6 6. h3 e5 7. Bh2 0-0 8. 0-0 Re8 9. Nc3 Nf5 10. dxe5 dxe5 11. Ne4 h6 12. Qe2 Qe7 13. Rad1 Nb6 14. Bb3 Bd7 15. c3 Bc6 16. Qc2 Rad8 17. a4 a5 18. Nfd2 Kh7 19. Ng3 Nd6 20. Nge4 Nxe4 21. Nxe4 f5 22. Ng3 Rf8 23. f3 Rxd1 24. Rxd1 Qc5 25. Nf1 Qe7 26. Bg3 Rd8 27. Be1 Nd7 28. Bd5 Bxd5 29. Rxd5 Nc5 30. Rxd8 Qxd8 31. c4 b6 32. Bc3 Qd7 33. b3 e4 34. Nd2 exf3 35. gxf3 Qe7 36. Nf1 Ne6 37. Bxg7 Qxg7 38. Kf2 Qe5 39. f4 Qd6 40. Qd2 Qe7 41. Qc3 Nc5 42. Nd2 Qh4+ 43. Kg2 Qd8 44. Kf3 Qa8+ 45. Kg3 1/2-1/2

[Event "CUB-ch"]
[Site "Cuba"]
[Date "1995.??.??"]
[Round "3"]
[White "Li Torres, Manuel Eugenio"]
[Black "Becerra Rivero, Julio"]
[Result "0-1"]
[WhiteElo "2365"]
[BlackElo "2490"]
[PlyCount "94"]
[EventDate "1995.??.??"]
[EventType "tourn"]
[EventRounds "13"]
[EventCountry "CUB"]
[SourceTitle "CBM 046 Extra"]
[Source "ChessBase"]
[SourceDate "1995.07.01"]
[SourceVersion "1"]
[SourceVersionDate "1995.07.01"]
[SourceQuality "1"]

1. d4 Nf6 2. Nf3 g6 3. c4 Bg7 4. Nc3 0-0 5. Bf4 d6 6. h3 c6 7. e3 a6 8. Be2 b5 9. 0-0 Nbd7 10. Rc1 bxc4 11. Bxc4 c5 12. d5 Rb8 13. Qd2 Qa5 14. Rc2 Nb6 15. Be2 Na4 16. Nxa4 Qxa4 17. Bc4 Bf5 18. b3 Qd7 19. Rcc1 Qb7 20. Nh4 Bd7 21. Qd3 h6 22. Bh2 Bb5 23. f4 Bxc4 24. bxc4 Qc7 25. e4 Nd7 26. Rce1 Qa5 27. e5 Qxa2 28. e6 Rb3 29. Qe4 f5 30. Re2 Nf6 31. Rxa2 Nxe4 32. Nxg6 Bd4+ 33. Kh1 Rfb8 34. g4 R8b7 35. gxf5 Kg7 36. Rg2 Rb2 37. Rxb2 Rxb2 38. Nxe7 Nf2+ 39. Rxf2 Bxf2 40. Nc8 a5 41. Nxd6 a4 42. f6+ Kxf6 43. Ne4+ Kg7 44. Nc3 a3 45. f5 Bd4 46. d6 Bxc3 47. d7 Rxh2+ 0-1

[Event "CUB-ch"]
[Site "Cuba"]
[Date "1995.??.??"]
[Round "5"]
[White "Li Torres, Manuel Eugenio"]
[Black "Hernandez Onna, Roman"]
[Result "1/2-1/2"]
[WhiteElo "2365"]
[BlackElo "2435"]
[PlyCount "21"]
[EventDate "1995.??.??"]
[EventType "tourn"]
[EventRounds "13"]
[EventCountry "CUB"]
[SourceTitle "CBM 046 Extra"]
[Source "ChessBase"]
[SourceDate "1995.07.01"]
[SourceVersion "1"]
[SourceVersionDate "1995.07.01"]
[SourceQuality "1"]

1. d4 Nf6 2. g3 d5 3. Bg2 e6 4. Nf3 Be7 5. 0-0 0-0 6. c4 c6 7. Nc3 Nbd7 8. Qd2 b6 9. e4 Ba6 10. b3 Rc8 11. a4 1/2-1/2

[Event "CUB-ch"]
[Site "Cuba"]
[Date "1995.??.??"]
[Round "1"]
[White "Li Torres, Manuel Eugenio"]
[Black "Pupo, Emilio"]
[Result "1/2-1/2"]
[WhiteElo "2365"]
[BlackElo "2320"]
[PlyCount "47"]
[EventDate "1995.??.??"]
[EventType "tourn"]
[EventRounds "13"]
[EventCountry "CUB"]
[SourceTitle "CBM 046 Extra"]
[Source "ChessBase"]
[SourceDate "1995.07.01"]
[SourceVersion "1"]
[SourceVersionDate "1995.07.01"]
[SourceQuality "1"]

1. d4 Nf6 2. g3 g6 3. Bg2 Bg7 4. e4 d6 5. Nc3 0-0 6. Nge2 Nbd7 7. h3 e5 8. Be3 c6 9. 0-0 exd4 10. Bxd4 Qe7 11. a4 Nc5 12. Re1 a5 13. g4 h5 14. g5 Ne8 15. Bxg7 Kxg7 16. f4 f6 17. gxf6+ Nxf6 18. Qd4 Be6 19. Rad1 Rad8 20. Qf2 Nh7 21. Qg3 h4 22. Qe3 Nf6 23. b3 Bc8 24. Kh2 1/2-1/2

[Event "Capablanca Memorial-C"]
[Site "Matanzas"]
[Date "1995.??.??"]
[Round "11"]
[White "Li Torres, Manuel Eugenio"]
[Black "Reyes Najera, Carlos Antonio"]
[Result "1-0"]
[WhiteElo "2365"]
[BlackElo "2255"]
[PlyCount "69"]
[EventDate "1995.05.??"]
[EventType "tourn"]
[EventRounds "13"]
[EventCountry "CUB"]
[EventCategory "4"]
[SourceTitle "EXT 1997"]
[Source "ChessBase"]
[SourceDate "1996.11.15"]
[SourceVersion "1"]
[SourceVersionDate "1996.11.15"]
[SourceQuality "1"]

1. d4 Nf6 2. g3 g6 3. Bg2 Bg7 4. e4 d6 5. Nc3 0-0 6. Nge2 Nbd7 7. h3 e5 8. Be3 c6 9. a4 Re8 10. 0-0 exd4 11. Bxd4 Qe7 12. g4 Nc5 13. Ng3 a5 14. f4 Ne6 15. Be3 Nd7 16. Qd2 f6 17. Rad1 Bf8 18. h4 Nec5 19. g5 Nxe4 20. Bxe4 f5 21. Bd5+ cxd5 22. Nxd5 Qd8 23. Rfe1 Kf7 24. Qc3 Nc5 25. Nf6 Rxe3 26. Qxe3 Be6 27. Ne2 Qc8 28. Nd4 Ra6 29. Nxh7 Bg7 30. h5 Ne4 31. Qh3 Qc5 32. c3 Rb6 33. Rxe4 Bb3 34. hxg6+ Kxg6 35. Re7 1-0

[Event "CUB-ch"]
[Site "Cuba"]
[Date "1995.??.??"]
[Round "9"]
[White "Li Torres, Manuel Eugenio"]
[Black "Vera Gonzalez Quevedo, Reynaldo"]
[Result "1/2-1/2"]
[WhiteElo "2365"]
[BlackElo "2500"]
[PlyCount "48"]
[EventDate "1995.??.??"]
[EventType "tourn"]
[EventRounds "13"]
[EventCountry "CUB"]
[SourceTitle "CBM 046 Extra"]
[Source "ChessBase"]
[SourceDate "1995.07.01"]
[SourceVersion "1"]
[SourceVersionDate "1995.07.01"]
[SourceQuality "1"]

1. d4 d5 2. g3 c5 3. Bg2 Nc6 4. Nf3 Nf6 5. 0-0 e6 6. c4 Be7 7. dxc5 Bxc5 8. a3 a6 9. b4 Ba7 10. Nc3 dxc4 11. Qxd8+ Kxd8 12. Nd2 Ne5 13. Bb2 Nfd7 14. Rfd1 Rb8 15. a4 f6 16. Nce4 Nc6 17. b5 Na5 18. Ba3 Bd4 19. Rab1 axb5 20. Nd6 Rg8 21. Nf7+ Ke8 22. Nd6+ Kd8 23. Nf7+ Ke8 24. Nd6+ Kd8 1/2-1/2

[Event "CUB-ch"]
[Site "Cuba"]
[Date "1995.??.??"]
[Round "10"]
[White "Perez Garcia, Rodney Oscar"]
[Black "Li Torres, Manuel Eugenio"]
[Result "1-0"]
[WhiteElo "2305"]
[BlackElo "2365"]
[PlyCount "63"]
[EventDate "1995.??.??"]
[EventType "tourn"]
[EventRounds "13"]
[EventCountry "CUB"]
[SourceTitle "CBM 046 Extra"]
[Source "ChessBase"]
[SourceDate "1995.07.01"]
[SourceVersion "1"]
[SourceVersionDate "1995.07.01"]
[SourceQuality "1"]

1. c4 c6 2. Nf3 g6 3. g3 Bg7 4. Bg2 e5 5. Nc3 Na6 6. 0-0 Ne7 7. d4 exd4 8. Nxd4 d6 9. e4 0-0 10. Be3 Nc7 11. Qd2 Re8 12. Rad1 Bg4 13. f3 Bd7 14. f4 Bg4 15. Rde1 c5 16. Ndb5 Nxb5 17. Nxb5 Qb6 18. Qxd6 Be6 19. b3 Qa5 20. Nc7 Nc6 21. Nxe8 Rxe8 22. f5 Bc8 23. f6 Bf8 24. Qd2 Nb4 25. Bh6 Qxa2 26. Qg5 Bd6 27. Rd1 Bc7 28. Bf8 Be5 29. Bd6 Qe2 30. Bxe5 Nc2 31. Qh6 Qe3+ 32. Qxe3 1-0

[Event "CUB-ch"]
[Site "Cuba"]
[Date "1995.??.??"]
[Round "4"]
[White "Rodriguez Cespedes, Amador"]
[Black "Li Torres, Manuel Eugenio"]
[Result "1/2-1/2"]
[WhiteElo "2520"]
[BlackElo "2365"]
[PlyCount "36"]
[EventDate "1995.??.??"]
[EventType "tourn"]
[EventRounds "13"]
[EventCountry "CUB"]
[SourceTitle "CBM 046 Extra"]
[Source "ChessBase"]
[SourceDate "1995.07.01"]
[SourceVersion "1"]
[SourceVersionDate "1995.07.01"]
[SourceQuality "1"]

1. e4 c5 2. Nf3 a6 3. c3 g6 4. d4 cxd4 5. cxd4 d5 6. Nc3 dxe4 7. Nxe4 Nh6 8. Bc4 Bg7 9. 0-0 0-0 10. h3 Nf5 11. d5 Nd6 12. Nxd6 Qxd6 13. Ng5 Nd7 14. Ne4 Qe5 15. Re1 Nf6 16. Nxf6+ Qxf6 17. Qe2 b5 18. Bb3 Bd7 1/2-1/2

[Event "CUB-ch"]
[Site "Matanzas"]
[Date "1994.??.??"]
[Round "?"]
[White "Foyo Rivas, Rogelio"]
[Black "Li Torres, Manuel Eugenio"]
[Result "0-1"]
[WhiteElo "2240"]
[BlackElo "2340"]
[PlyCount "64"]
[EventDate "1994.??.??"]
[EventType "swiss"]
[EventRounds "13"]
[EventCountry "CUB"]
[SourceTitle "EXT 2003"]
[Source "ChessBase"]
[SourceDate "2002.11.25"]
[SourceVersion "1"]
[SourceVersionDate "2002.11.25"]
[SourceQuality "1"]

1. e4 g6 2. d4 Bg7 3. c4 d6 4. Nc3 Nd7 5. Nf3 e5 6. Be2 Ngf6 7. 0-0 0-0 8. Qc2 c6 9. Rd1 exd4 10. Nxd4 Qe7 11. f3 Nh5 12. g4 Nhf6 13. Bf4 h5 14. Nf5 gxf5 15. Bxd6 Qd8 16. gxf5 Ne8 17. Bxf8 Qg5+ 18. Kh1 Kxf8 19. Rg1 Qf6 20. Rg3 Ne5 21. Rag1 h4 22. R3g2 Bh6 23. Qd1 Ke7 24. Qb3 Kd8 25. Rd1+ Kc7 26. Qa3 Nd7 27. Rg4 Qe5 28. Rg8 Nd6 29. c5 Qxc5 30. Qb3 Ne5 31. Rc1 Qf2 32. Rf1 Qd4 0-1

[Event "Isla Guitart op"]
[Site "Isla Guitart "]
[Date "1994.??.??"]
[Round "?"]
[White "Leyva, Hector"]
[Black "Li Torres, Manuel Eugenio"]
[Result "1-0"]
[WhiteElo "2300"]
[BlackElo "2340"]
[PlyCount "129"]
[EventDate "1994.??.??"]
[EventType "swiss"]
[EventRounds "9"]
[EventCountry "CUB"]
[SourceTitle "EXT 2000"]
[Source "ChessBase"]
[SourceDate "1999.11.16"]
[SourceVersion "1"]
[SourceVersionDate "1999.11.16"]
[SourceQuality "1"]

1. d4 g6 2. c4 Bg7 3. Nc3 d6 4. e4 Nd7 5. Nf3 e5 6. Be2 Ngf6 7. Be3 0-0 8. d5 Ng4 9. Bg5 f6 10. Bh4 Nh6 11. Nd2 Nf7 12. f3 Bh6 13. 0-0 Be3+ 14. Bf2 Bxf2+ 15. Rxf2 f5 16. exf5 gxf5 17. Qc2 Nf6 18. Nf1 Nh5 19. Bd3 Ng5 20. Ne2 Bd7 21. Nfg3 Ng7 22. f4 e4 23. fxg5 exd3 24. Qxd3 Qxg5 25. Raf1 Rae8 26. Nd4 Re7 27. Rf4 Ref7 28. b3 a6 29. R1f3 Qf6 30. Rf1 Qe5 31. Qf3 c5 32. dxc6 bxc6 33. Qf2 c5 34. Nc2 h5 35. Re1 Qc3 36. h4 Bc6 37. Re3 Qf6 38. Qe2 Qh6 39. Qf2 Ne6 40. Rxf5 Nf4 41. Rxf7 Rxf7 42. Kh2 Nxg2 43. Nf5 Qf6 44. Ne7+ Kf8 45. Qxf6 Rxf6 46. Nxc6 Rf2 47. Rc3 Ne1+ 48. Kg3 Rg2+ 49. Kf4 Nxc2 50. Rd3 Rg4+ 51. Kf5 Kf7 52. Rxd6 Rxh4 53. Ne5+ Kg7 54. Rxa6 Nd4+ 55. Kg5 Rh2 56. Ra7+ Kg8 57. Kg6 Ne6 58. Ra8+ Nf8+ 59. Kh6 h4 60. Ng6 Rf2 61. Nxh4 Kf7 62. Kg5 Ne6+ 63. Kg4 Kf6 64. Ra6 Ke5 65. Nf3+ 1-0